000 00749nam a22002177a 4500
999 _c3837
_d3837
001 3837
003 BD-JhCC
005 20171119104454.0
008 171118s1975 bg |||| |||| 000 0 ben d
035 _a(BD-JhCC)3837
040 _aBD-JhCC
_dBD-JhCC
041 _aben
082 _a891.4409
_bARI 1975
245 _aএ্যরিস্টটলের কাব্যতত্ত্ব /
_cসিরাজুল ইসলাম চৌধুরী (অনু.)
260 _aঢাকা :
_bবাংলা একাডেমী,
_c১৯৭৫.
300 _a১২৪ পৃ :
_c২২ সেমি.
650 _aBengali Literature
700 _aচৌধুরী, সিরাজুল ইসলাম
942 _2ddc
_cBK